00495 2200193 4500001002100000005001500021035002000036245003600056100002200092250000600114300003700120260004300157082001100200084001700211020001800228650002100246990001700267990001700284INLIS00000000000047620181107040237 a0010-11180000191 aPrasejarah /cTim Penulis Rosda0 aTim Penulis Rosda a- aviii, 52 hlm. :bilus. ;c25 cm. aBandung :bPT Remaja Rosdakarya,c2009 a930.11 a930.11 TIM p a979-514-547-9 aZaman Prasejarah a01645/P/2018 a04435/H/2018